banner-ar

النهر وملائكة الاحزان : (Record no. 67099)

MARC details
000 -الفاتح
حقل البيانات ثابتة الطول 00765nam a2200205Ia 4500
005 - وقت وتاريخ اخر تعامل مع التسجيلة
رقم الضبط 20240530110956.0
008 - عناصر البيانات ثابتة الطول - معلومات عامة
حقل البيانات ثابتة الطول 140319s2008 xx 000 0 ara d
020 ## - الرقم الدولى المعيارى للكتب
الرقم الدولى المعيارى للكتاب 977180555x
040 ## - مصدر الفهرسة
وكالة الفهرسة الأصلية GCL /
وكالة النسخ GCL
082 04 - رقم تصنيف ديوى العشرى
رقم التصنيف 811.9 /
رقم المادة م ن
100 0# - المدخل الرئيسى - إسم شخصى
الإسم الشخصى محمد ابراهيم ابو سنة
245 12 - بيان العنوان
العنوان النهر وملائكة الاحزان :
بقية العنوان مختارات شعرية /
بيان المسئوليه,etc محمد ابراهيم ابو سنة
260 ## - PUBLICATION, DISTRIBUTION, ETC. (IMPRINT)
تاريخ النشر أو التوزيع 2008
300 ## - الوصف المادى
التعداد 198 ص ؛
أبعاد الوعاء 24 سم
650 ## - المدخل الاضافى بالموضوع-مصطلح موضوعى
مصطلح موضوعي الادب العربى
650 ## - المدخل الاضافى بالموضوع-مصطلح موضوعى
مصطلح موضوعي الشعر العربى
650 ## - المدخل الاضافى بالموضوع-مصطلح موضوعى
مصطلح موضوعي العصر الحديث
942 ## - عناصر المدخل الإضافي( كوها)
مصدر التصنيف او مخطط الترفيف Dewey Decimal Classification
Koha [default] item type كتاب
260 ## - PUBLICATION, DISTRIBUTION, ETC. (IMPRINT)
-- القاهرة :
-- مطبعة دار الكتب و الوثائق القومية بالقاهرة ،
Holdings
حالة التراجع حالة الفقد حالة تلف ليس للاعارة المكان المؤقت الموقع الحالى موقع الترفيف تاريخ الاكتساب اجمالي اﻻعارات رقم الطلب الباركود تاريخ اخر مشاهدة تاريخ تفعيل السعر نوع وعاء كوها
        مكتبة القاهرة الكبرى مكتبة القاهرة الكبرى ق الرئيسية_الأداب_ك عربى 01/02/2023   811.9 / م ن 169132 01/02/2023 01/02/2023 كتاب

Powered By

EGPV